000 00776cam a22002413a 4500
001 21298
003 PGUSA
005 20140828083444.0
008 070504s2007||||xxu|||||s|||||000 1 eng d
040 _aPGUSA
_beng
042 _adc
050 4 _aPZ
100 1 _aFenn, George Manville,
_d1831-1909
245 1 4 _aThe Black Tor :
_bA Tale of the Reign of James the First
_h[electronic resource] /
_cGeorge Manville Fenn
260 _bProject Gutenberg,
_c2007
506 _aPublic domain in the USA.
516 _aElectronic text
653 _aGreat Britain -- History -- James I, 1603-1625 -- Juvenile fiction
700 1 _aStacey, W. S.
_q(Walter S.),
_d1846-1929
830 0 _aProject Gutenberg
_v21298
856 4 0 _uhttp://www.gutenberg.org/ebooks/21298
942 _cEB
999 _c250553
_d250553